Films avec Grégoire Leprince-Ringuet par image - Statistiques

Statistiques générales
  • Ce quiz a été pris 4 fois
  • Le résultat moyen est 6 sur 16
Statistiques - réponses
Par images Réponse % Correct
La Pie voleuse
75%
Gloria Mundi
50%
La Belle Personne
50%
L'Armée du crime
50%
Les Egarés
50%
La Forêt de Quinconces
25%
La Princesse de Montpensier
25%
L'Autre Monde
25%
Les Chansons d'amour
25%
Les Fusillés
25%
Réfractaire
25%
Roses à crédit
25%
Sarah Bernhardt, La Divine
25%
Une année difficile
25%
Une histoire de fou
25%
Voleurs de chevaux
25%
Aucun quiz correspondant
Distribution des résultats
% des personnes avec chaque résultat
Percentile par nombre de réponses
Votre historique - résultats
Vous n’avez pas pris ce quiz